00730nam a2200229Ia 4500003000900000008004100009020001800050040001600068080001600084100002500100245006300125260004800188300001600236650004100252650001600293650002000309650001700329700003000346942000700376999001500383952010200398IN-BaIIA211028s9999 xx 000 0 eng d a0-521-23906-0 cIIA Library a523.64bBRA aBrandt, John C94599 0aIntroduction to cometscJohn C Brandt and Robert D Chapman aCambridgebCambridge University Pressc1981 aviii, 246p. aAstronomy and astrophysics thesaurus aComets9755 aPeriodic comets aSolar system aChapman, Robert D.910675 cBK c7029d7029 00104070aBANbBANcGENd1982-03-03l0o523.64/ BRAp7806r2021-11-05w1982-03-03yBKG£ 23.13